02640nam a2200265 a 4500003000500000005001700005008004100022020002300063040001800086041002300104082002800127100002300155245005600178250001800234264005900252300003900311336002700350337002700377338002800404505106900432520077201501534002302273650005002296650002802346CHAP20250821132450.0250612t2008 enkadk|| |||| 00| 0 eng d a978-0-470-51284-5  aCHAPcPAerda aengbspafengheng aPA 658.40352b.V67 2008 aVose, Davideautor aRisk Analysis :bA quantitative guide /cDavid Vose a3rd edición aToronto, Chichester :bJohn Wiley and Sons LTD.,c2008 axi, 735 páginas :bilustraciones 2rdacontentatextobtxt 2rdamediaasin mediobn 2rdacarrieravolumenbnc aPreface. -- Part 1: Introduction. -- 1. Why do a risk analysis?. -- 2. Planning a risk analysis. -- 3. The quality of a risk analysis. -- 4. Choice of model structure. -- 5. Understanding and using the results of a risk analysis. -- 6. Probability mathematics and simulation. -- 7. Building and running a model. -- 8. Some basic random processes. -- 9. Data and statistics. -- 10. Fitting distributions to data. -- 11. Sums of random variables. -- 12. Forecasting with uncertainty. -- 13. Modelling correlation and dependencies. -- 14. Eliciting from expert opinion. -- 15. Testing and modelling causal relationships. -- 16. Optimisation in risk analysis. -- 17. Checking and validating a model. -- 18. Discounted cashflow modelling. -- 19. Project risk analysis. -- 20. Insurance and finance risk analysis modelling. -- 21. Microbial food safety risk assessment. -- 22. Animal import risk assessment. -- I. Guide for lecturers. -- II. About ModelRisk. -- III. A compendium of distributions. -- IV. Further reading. -- V. Vose Consulting. -- References. -- Index. aEste libro aborda la cuantificación del riesgo, la modelización de los riesgos identificados y la toma de decisiones a partir de dichos modelos. El análisis cuantitativo de riesgos (ARC) mediante simulación de Monte Carlo ofrece un método potente y preciso para abordar la incertidumbre y la variabilidad de un problema. Al proporcionar los elementos básicos, el autor guía al lector a través de los pasos necesarios para generar un modelo de análisis de riesgos preciso y ofrece técnicas generales y específicas para abordar la mayoría de los problemas de modelización. Se utiliza una amplia gama de problemas resueltos para ilustrar estas técnicas y cómo pueden combinarse para resolver problemas que, de otro modo, serían complejos. pTítulo original: 7aEvaluacón de riesgo : modelos matemáticos 0aMétodo de Monte Carlo